Our crazy class election / (Record no. 4231)

MARC details
000 -LEADER
fixed length control field 01151cam a2200349 a 4500
001 - CONTROL NUMBER
control field 4231
003 - CONTROL NUMBER IDENTIFIER
control field FISKH
005 - DATE AND TIME OF LATEST TRANSACTION
control field 20240705142141.0
008 - FIXED-LENGTH DATA ELEMENTS--GENERAL INFORMATION
fixed length control field 090512s2007 nyua j 000 1 eng d
010 ## - LIBRARY OF CONGRESS CONTROL NUMBER
LC control number 2009419286
020 ## - INTERNATIONAL STANDARD BOOK NUMBER
International Standard Book Number 9780545004015
020 ## - INTERNATIONAL STANDARD BOOK NUMBER
International Standard Book Number 0545004012
020 ## - INTERNATIONAL STANDARD BOOK NUMBER
International Standard Book Number 9780545004015
040 ## - CATALOGING SOURCE
Original cataloging agency SFP
Transcribing agency SFP
Modifying agency OCLCQ
-- DLC
Language of cataloging eng
050 ## - LIBRARY OF CONGRESS CALL NUMBER
Classification number PZ7.R6433
082 ## - DEWEY DECIMAL CLASSIFICATION NUMBER
Classification number 511
100 1# - MAIN ENTRY--PERSONAL NAME
Personal name Roland, Timothy.
245 10 - TITLE STATEMENT
Title Our crazy class election /
Statement of responsibility, etc. by Timothy Roland.
260 ## - PUBLICATION, DISTRIBUTION, ETC.
Place of publication, distribution, etc. New York :
Name of publisher, distributor, etc. Scholastic,
Date of publication, distribution, etc. 2007.
300 ## - PHYSICAL DESCRIPTION
Extent 90 pages :
Other physical details illustrations ;
Dimensions 20 cm
490 1# - SERIES STATEMENT
Series statement Comic guy ;
Volume/sequential designation Book 1
505 ## - FORMATTED CONTENTS NOTE
Formatted contents note J<br/>
520 ## - SUMMARY, ETC.
Summary, etc. While trying to find material for his school newspaper comic strip, fifth-grader Guy Maloney finds himself running for homeroom president against Tank, the school's biggest bully, and Ollie, the science room pet monkey.
521 8# - TARGET AUDIENCE NOTE
Target audience note 460<br/>
Source Lexile<br/>
521 8# - TARGET AUDIENCE NOTE
Target audience note J<br/>
Source Raz-Plus<br/>
650 #1 - SUBJECT ADDED ENTRY--TOPICAL TERM
Topical term or geographic name entry element Cartoons and comics
Form subdivision Fiction.
650 #1 - SUBJECT ADDED ENTRY--TOPICAL TERM
Topical term or geographic name entry element Elections
Form subdivision Fiction.
650 #1 - SUBJECT ADDED ENTRY--TOPICAL TERM
Topical term or geographic name entry element Schools
Form subdivision Fiction.
906 ## - LOCAL DATA ELEMENT F, LDF (RLIN)
a 7
b cbc
c copycat
d 2
e ncip
f 20
g y-gencatlg
942 ## - ADDED ENTRY ELEMENTS (KOHA)
Source of classification or shelving scheme Dewey Decimal Classification
Koha item type Books
Suppress in OPAC No
Holdings
Withdrawn status Lost status Source of classification or shelving scheme Damaged status Not for loan Collection Home library Current library Shelving location Date acquired Total Checkouts Full call number Barcode Date last seen Date last checked out Price effective from Koha item type
    Dewey Decimal Classification     Juvenile Fiction Footprints International School Library Network Toul Kork Campus Footprints International School Library Network Toul Kork Campus TK Primary Library Room(4th Floor), Bookcase 1&2, Shelves 1-16, Dark Blue Books 07/05/2024 1 ROL 511 PZ7.R6433 FISTK00115 01/14/2026 12/10/2025 07/05/2024 Books